Soprannomi dei calciatori - 3 - Statistics

Statistiche generali
  • Questo quiz è stato fatto 71 volte
  • Il punteggio medio è 9 su 15
Statistiche sulle risposte
Soprannome Calciatore % Corretto
il Gallo Andrea Belotti
97%
El Pibe de Oro Diego Armando Maradona
97%
Zizou Zinédine Zidane
97%
la Joya (il gioiello) Paulo Dybala
93%
Pinturicchio Alessandro Del Piero
83%
Don Andrés / L'Illusionista Andrés Iniesta
78%
l'Imperatore Adriano
77%
Principino Claudio Marchisio
65%
le Roi Michel Platini
60%
Matrix Marco Materazzi
45%
Quinto Beatle George Best
40%
Paso Doble Luís Figo
15%
Bobby gol / Penna Bianca Roberto Bettega
15%
Arsenio Lupin Massimo Ambrosini
7%
Bimbo Carlo Ancelotti
5%
Nessun quiz corrispondente trovato
Distribuzione punteggi
Percentuale di utenti per punteggio
Percentile per numero di risposta
I tuoi punteggi nel tempo
Non hai fatto questo quiz